[Event "Olimpiade 2024 - Donne"]
[Site "Budapest"]
[Date "21.09.2024"]
[Round "10.9"]
[Board "4"]
[White "Walter, Ema"]
[Black "Benmesbah, Natacha"]
[Result "0-1"]
[WhiteTitle "WFM"]
[BlackTitle "WIM"]
[WhiteElo "2055"]
[BlackElo "2258"]
[WhiteTeam "Slovakia"]
[BlackTeam "France"]
[WhiteFideId "14960710"]
[BlackFideId "642002"]
[EventDate "2024.09.11"]

1. e4 c6 2. d4 d5 3. exd5 cxd5 4. Bd3 Nf6 5. Nf3 Bg4 6. h3 Bh5 7. c3 Nc6 8. Bf4
e6 9. Nbd2 Bd6 10. Bxd6 Qxd6 11. O-O g5 12. Qa4 Bxf3 13. Nxf3 g4 14. hxg4 Nxg4
15. Rfe1 Kf8 16. c4 Ne7 17. Ne5 h5 18. c5 Qc7 19. f3 Nxe5 20. Rxe5 Nc6 21. Rae1
Nxe5 22. Rxe5 a6 23. f4 Re8 24. f5 h4 25. b4 h3 26. g3 Rg8 27. Kh2 Rxg3 28. Kxg3
f6 29. Qd1 fxe5 30. Kxh3 Qh7+ 31. Kg2 e4 32. Be2 exf5 0-1

[Event "Olimpiade 2024 - Donne"]
[Site "Budapest"]
[Date "21.09.2024"]
[Round "10.10"]
[Board "1"]
[White "Khamdamova, Afruza"]
[Black "Yao, Lan"]
[Result "1/2-1/2"]
[WhiteTitle "WIM"]
[BlackTitle "WGM"]
[WhiteElo "2313"]
[BlackElo "2353"]
[WhiteTeam "Uzbekistan"]
[BlackTeam "England"]
[WhiteFideId "14210444"]
[BlackFideId "8610835"]
[EventDate "2024.09.11"]

1. e4 c5 2. Nf3 d6 3. d4 cxd4 4. Nxd4 Nf6 5. Nc3 a6 6. Be2 e5 7. Nb3 Be7 8. Be3
Be6 9. Nd5 Nbd7 10. Qd3 Bxd5 11. exd5 Rc8 12. c4 O-O 13. O-O Ne8 14. f3 a5 15.
a4 b6 16. Rae1 Bg5 17. f4 exf4 18. Bxf4 Nc5 19. Nxc5 bxc5 20. Bg3 g6 21. Bd1 Ng7
22. Bc2 Bh4 23. b3 f5 24. Bxh4 Qxh4 25. Qc3 Ra8 26. Re2 Qf6 27. Qd2 Ra7 28. Rfe1
Rff7 29. h3 Qd8 30. Bd1 Qh4 31. Qc3 Rf8 32. Bc2 Qg5 33. Kh2 h5 34. Re3 h4 35.
Kg1 Kh7 36. R3e2 Rff7 37. Qe3 Qxe3+ 38. Rxe3 Kg8 39. Kf2 Kf8 40. g3 hxg3+ 41.
Rxg3 Rf6 42. Reg1 Kf7 43. Kf3 Ra8 44. h4 Rh8 45. Rh1 Rh6 46. Rg5 Kg8 47. Bd1 Rf8
48. Kf2 Kf7 49. Rhg1 Kf6 50. Bf3 Rf7 51. Be2 Rb7 52. Bd1 Rb8 53. R1g2 Rbh8 54.
Rg1 Ne8 55. h5 gxh5 56. Bc2 Kf7 57. Bxf5 Rf6 58. Ke3 h4 59. Be6+ Ke7 60. Rh1 Rh7
61. Rh3 Rfh6 62. Kf4 Kf6 63. Kg4 Ke7 64. Kf4 Kf6 65. Kg4 Ke7 66. Kf4 Kf6 1/2-1/2

[Event "Olimpiade 2024 - Donne"]
[Site "Budapest"]
[Date "21.09.2024"]
[Round "10.10"]
[Board "2"]
[White "Houska, Jovanka"]
[Black "Yakubbaeva, Nilufar"]
[Result "1/2-1/2"]
[WhiteTitle "IM"]
[BlackTitle "WGM"]
[WhiteElo "2333"]
[BlackElo "2248"]
[WhiteTeam "England"]
[BlackTeam "Uzbekistan"]
[WhiteFideId "405094"]
[BlackFideId "14204487"]
[EventDate "2024.09.11"]

1. Nf3 d5 2. e3 Nf6 3. c4 e6 4. b3 Be7 5. Bb2 O-O 6. Nc3 dxc4 7. bxc4 b6 8. Qc2
Bb7 9. Be2 c5 10. Rg1 Nc6 11. a3 Rc8 12. g4 Nd7 13. g5 Re8 14. h4 e5 15. Nd5 Nf8
16. h5 b5 17. Nxe5 Nxe5 18. Bxe5 Bxd5 19. cxd5 Bxg5 20. Bxg7 Kxg7 21. f4 h6 22.
fxg5 Qxd5 23. gxh6+ Kxh6 24. Bxb5 Qe5 25. Rc1 Re7 26. Be2 Qh2 27. Rf1 Qg3+ 28.
Rf2 Re5 29. Qb1 Nh7 30. Qb7 Rf5 31. Qg2 Qh4 32. Qh2 Qxh2 33. Rxh2 Rd8 34. d3 Re5
35. Kd2 Ng5 36. Rh4 Ne4+ 37. Ke1 Ng3 38. Kf2 Nxe2 39. Kxe2 Rg8 40. Rh2 Rg3 41.
e4 f5 42. Rc4 fxe4 43. Rxe4 Rxe4+ 44. dxe4 Rxa3 45. Rh4 Rg3 46. e5 Rg5 47. Re4
Kxh5 48. e6 Rg8 49. Kd3 Kg5 50. Kc4 Kf6 51. Kd5 Rd8+ 52. Kxc5 Ke7 1/2-1/2

[Event "Olimpiade 2024 - Donne"]
[Site "Budapest"]
[Date "21.09.2024"]
[Round "10.10"]
[Board "3"]
[White "Omonova, Umida"]
[Black "Toma, Katarzyna"]
[Result "1-0"]
[WhiteTitle "WIM"]
[BlackTitle "WGM"]
[WhiteElo "2032"]
[BlackElo "2184"]
[WhiteTeam "Uzbekistan"]
[BlackTeam "England"]
[WhiteFideId "14210363"]
[BlackFideId "1119907"]
[EventDate "2024.09.11"]

1. e4 e5 2. Nf3 Nc6 3. Bc4 Nf6 4. d3 h6 5. O-O d6 6. c3 g6 7. Nbd2 Bg7 8. Re1
O-O 9. Nf1 Nh5 10. b4 Qf6 11. Ne3 Ne7 12. g3 Be6 13. Bb5 c6 14. Ba4 Nc8 15. Bc2
Qe7 16. d4 Nb6 17. Bd3 Qc7 18. Bb2 a5 19. a4 Rfd8 20. Qc2 Nf6 21. c4 Ng4 22.
bxa5 Rxa5 23. Bc3 Nxe3 24. fxe3 Ra7 25. Nd2 Nd7 26. d5 Bh3 27. Bf1 Bxf1 28. Rxf1
cxd5 29. cxd5 Rc8 30. Rfc1 Qb6 31. Qd3 Nc5 32. Qc4 Raa8 33. a5 Qd8 34. Qe2 h5
35. h4 Bh6 36. Kf2 Qd7 37. Bb4 Na6 38. Ba3 Rxc1 39. Rxc1 f5 40. exf5 Qxf5+ 41.
Kg2 e4 42. Qc4 Bxe3 43. Rf1 Qc8 44. Qxc8+ Rxc8 45. Nxe4 Rc2+ 46. Kh3 Bc5 47.
Bxc5 Nxc5 48. Nxd6 Rd2 49. Rf6 Kh7 50. Nxb7 Rxd5 51. a6 Nxb7 52. Rf7+ Kh6 53.
axb7 Rb5 54. Kg2 Rb3 55. Kf2 g5 56. hxg5+ Kxg5 57. Ke2 Kg4 58. Rg7+ Kf5 59. Kd2
Ke5 60. Kc2 Rb6 61. Kd3 Rb1 62. Kc4 Kd6 63. Rh7 Rc1+ 64. Kd4 Rd1+ 65. Ke4 Re1+
66. Kf4 Rb1 67. Rh6+ Ke7 68. Rxh5 Kf6 69. Rh7 Rb4+ 70. Ke3 Kf5 71. Kd3 Ke5 72.
Kc3 Rb1 73. Kc4 Kd6 74. g4 Ke6 75. Kc5 Rc1+ 76. Kb6 1-0

[Event "Olimpiade 2024 - Donne"]
[Site "Budapest"]
[Date "21.09.2024"]
[Round "10.10"]
[Board "4"]
[White "Sivanandan, Bodhana"]
[Black "Nadirjanova, Nodira"]
[Result "0-1"]
[WhiteTitle "WFM"]
[BlackTitle "WIM"]
[WhiteElo "2196"]
[BlackElo "2059"]
[WhiteTeam "England"]
[BlackTeam "Uzbekistan"]
[WhiteFideId "497592"]
[BlackFideId "14201232"]
[EventDate "2024.09.11"]

1. e4 c6 2. Nc3 d5 3. Nf3 Bg4 4. h3 Bxf3 5. Qxf3 e6 6. Be2 Nd7 7. O-O Bd6 8. d4
Ne7 9. Bf4 Bxf4 10. Qxf4 dxe4 11. Nxe4 O-O 12. c3 a5 13. Rfe1 Nd5 14. Qg3 N7f6
15. Nxf6+ Nxf6 16. Bf3 Qb6 17. b3 Rfd8 18. Rad1 Rd7 19. Rd2 Rad8 20. Rde2 Qa6
21. Re5 Qd3 22. R5e3 Qc2 23. R1e2 Qb1+ 24. Kh2 Nd5 25. Bxd5 cxd5 26. Qe5 Rc8 27.
Rg3 g6 28. h4 Qf5 29. Qxf5 exf5 30. Re5 Kf8 31. h5 b5 32. a3 Rd6 33. f4 f6 34.
Ree3 g5 35. Ref3 g4 36. Re3 Kf7 37. Kg1 Rdc6 38. Kf2 Rb6 39. Kf1 a4 40. b4 Rcc6
41. Ke2 Re6 42. Kd3 Re4 43. Rxe4 fxe4+ 44. Kd2 f5 45. Ke2 Rh6 46. Kf2 Rxh5 47.
Kg1 Rh4 48. Re3 g3 49. Rxg3 Rxf4 50. Rh3 Kg6 51. Rg3+ Rg4 52. Rh3 f4 53. Kf2 h5
54. Rh1 Rg3 55. Rc1 Rd3 56. Rc2 Kg5 57. Ke2 h4 58. Rc1 Kg4 59. Rc2 Kg3 60. Ke1
f3 61. gxf3 exf3 62. Rc1 h3 63. Rc2 h2 64. Rxh2 Kxh2 65. Kf2 Rxc3 66. Kf1 Kg3
67. Ke1 f2+ 68. Ke2 Rc2+ 69. Kf1 Rc1+ 70. Ke2 f1=Q+ 71. Kd2 Qe1+ 72. Kd3 Rc3# 0-1

[Event "Olimpiade 2024 - Donne"]
[Site "Budapest"]
[Date "21.09.2024"]
[Round "10.11"]
[Board "1"]
[White "Rogule, Laura"]
[Black "Atalik, Ekaterina"]
[Result "0-1"]
[WhiteTitle "WGM"]
[BlackTitle "IM"]
[WhiteElo "2248"]
[BlackElo "2381"]
[WhiteTeam "Latvia"]
[BlackTeam "Turkiye"]
[WhiteFideId "11601876"]
[BlackFideId "4130189"]
[EventDate "2024.09.11"]

1. d4 Nf6 2. c4 g6 3. Nf3 Bg7 4. g3 d5 5. cxd5 Nxd5 6. Bg2 Nb6 7. Nc3 Nc6 8. e3
O-O 9. O-O Re8 10. h3 a5 11. Nh4 e5 12. d5 Nb4 13. e4 c6 14. a3 Na6 15. Qb3 Nc5
16. Qa2 cxd5 17. exd5 a4 18. Be3 Ra5 19. Rad1 e4 20. Bxc5 Rxc5 21. Nxe4 Rc2 22.
Rd2 Rxd2 23. Nxd2 Re2 24. Rd1 Bd4 25. Ne4 Rxb2 26. Qa1 Bg7 27. Qc1 Ra2 28. Nc3
Bxc3 29. Qxc3 Qd6 30. Rd3 Bd7 31. Qd4 Rc2 32. Nf3 Nc4 33. Ng5 Bf5 34. Rf3 h6 35.
Ne4 Qe5 36. Qxe5 Nxe5 37. Re3 Nc4 38. Nf6+ Kg7 39. Ne8+ Kf8 40. Re1 Rd2 41. g4
Bc2 42. Bf1 Nxa3 43. Nc7 Bb3 44. Re8+ Kg7 45. Rb8 Kf6 46. Rxb7 Ke5 47. Bg2 Nc4
48. Nb5 f5 49. gxf5 gxf5 50. Ra7 Kf4 51. Ra6 Ne5 52. Nc3 Nf3+ 53. Bxf3 Kxf3 54.
Nxa4 Bxa4 55. Rxa4 Rd1+ 56. Kh2 Rxd5 57. Ra6 h5 58. Rh6 f4 59. Ra6 Kxf2 60. Rf6
Kf3 61. Rg6 Kf2 62. Rf6 f3 63. Re6 Rd2 64. Re5 h4 65. Re4 Re2 66. Ra4 Ke3+ 67.
Kg1 Re1+ 68. Kh2 f2 69. Ra3+ Kd4 70. Ra4+ Ke5 71. Ra5+ Kd6 72. Ra6+ Kc7 0-1

[Event "Olimpiade 2024 - Donne"]
[Site "Budapest"]
[Date "21.09.2024"]
[Round "10.11"]
[Board "2"]
[White "Yildiz Kadioglu, Betul Cemre"]
[Black "Berzina, Ilze"]
[Result "0-1"]
[WhiteTitle "WGM"]
[BlackTitle "WGM"]
[WhiteElo "2314"]
[BlackElo "2200"]
[WhiteTeam "Turkiye"]
[BlackTeam "Latvia"]
[WhiteFideId "6302920"]
[BlackFideId "11601345"]
[EventDate "2024.09.11"]

1. e4 e5 2. Nf3 Nc6 3. Bb5 g6 4. c3 Bg7 5. d4 exd4 6. cxd4 a6 7. Bc4 b5 8. Bb3
Na5 9. Bc2 Ne7 10. O-O O-O 11. a4 Bb7 12. Bd2 Nc4 13. Bc3 f5 14. Re1 fxe4 15.
Bxe4 Bxe4 16. Rxe4 Nd5 17. Qb3 Rxf3 18. gxf3 Qg5+ 19. Kf1 Nf4 20. Rxf4 Qxf4 21.
axb5 d5 22. Nd2 Rf8 23. Rd1 axb5 24. Qxb5 Nxd2+ 25. Rxd2 Qxf3 26. Bb4 Ra8 27.
Ba3 Bh6 28. Qc6 Qh1+ 29. Ke2 Qe4+ 30. Kd1 Re8 31. Bb4 Qb1+ 0-1

[Event "Olimpiade 2024 - Donne"]
[Site "Budapest"]
[Date "21.09.2024"]
[Round "10.11"]
[Board "3"]
[White "Ter-Avetisjana, Agnesa Stepania"]
[Black "Ozturk Orenli, Kubra"]
[Result "1/2-1/2"]
[WhiteTitle "WFM"]
[BlackTitle "WGM"]
[WhiteElo "2134"]
[BlackElo "2262"]
[WhiteTeam "Latvia"]
[BlackTeam "Turkiye"]
[WhiteFideId "11614900"]
[BlackFideId "6302599"]
[EventDate "2024.09.11"]

1. d4 d5 2. c4 e6 3. Nc3 Nf6 4. Nf3 Be7 5. Bf4 O-O 6. e3 c5 7. dxc5 Bxc5 8. cxd5
exd5 9. Be5 Nc6 10. Bd4 Nxd4 11. Nxd4 Ne4 12. Be2 Qg5 13. Bf3 Re8 14. O-O Nxc3
15. bxc3 Bb6 16. Qb3 Rd8 17. a4 Bc7 18. Rfd1 a6 19. Ne2 Bg4 20. Bxg4 Qxg4 21.
Ra2 Qh5 22. h3 Qe5 23. Kf1 Rac8 24. Rad2 Qh2 25. f4 Re8 26. Kf2 g5 27. Qxd5 h6
28. Qf5 Bb6 29. Rd3 Rc5 30. Qg4 h5 31. Qxh5 gxf4 32. Qg4+ Kf8 33. Nxf4 Rce5 34.
Re1 Re4 35. Kf3 Bc7 36. Rd4 R4e5 37. Qh4 Kg8 38. Qg4+ Kf8 39. Qh4 Kg8 40. Qh6
Rf5 41. Qh4 1/2-1/2

[Event "Olimpiade 2024 - Donne"]
[Site "Budapest"]
[Date "21.09.2024"]
[Round "10.11"]
[Board "4"]
[White "Aydin, Gulenay"]
[Black "Vidruska, Renate"]
[Result "1-0"]
[WhiteTitle "WIM"]
[BlackTitle "WFM"]
[WhiteElo "2202"]
[BlackElo "2035"]
[WhiteTeam "Turkiye"]
[BlackTeam "Latvia"]
[WhiteFideId "34557431"]
[BlackFideId "11601841"]
[EventDate "2024.09.11"]

1. e4 e5 2. Nf3 Nc6 3. Nc3 Nf6 4. d4 exd4 5. Nxd4 Bb4 6. Nxc6 bxc6 7. Bd3 d5 8.
exd5 cxd5 9. O-O O-O 10. h3 c6 11. Qf3 Bd6 12. Re1 Rb8 13. b3 Bb4 14. Bb2 Qd6
15. Rad1 Ba5 16. Bf5 Bxf5 17. Qxf5 Rfe8 18. Ne4 Nxe4 19. Rxe4 Rxe4 20. Qxe4 Bc7
21. Qg4 f6 22. g3 Qe7 23. c4 Rd8 24. cxd5 cxd5 25. Bd4 a5 26. Rc1 Be5 27. h4 Re8
28. Rc5 h5 29. Qxh5 Bxg3 30. Qxd5+ Kh7 31. fxg3 Qe1+ 32. Kg2 Re2+ 33. Kh3 Re8
34. Qf3 Rd8 35. Bxf6 Rf8 36. Rh5+ Kg8 37. Qd5+ Rf7 38. Qd8+ Rf8 39. Rh8+ 1-0

[Event "Olimpiade 2024 - Donne"]
[Site "Budapest"]
[Date "21.09.2024"]
[Round "10.12"]
[Board "1"]
[White "Alinasab, Mobina"]
[Black "Peng, Zhaoqin"]
[Result "0-1"]
[WhiteTitle "WGM"]
[BlackTitle "GM"]
[WhiteElo "2336"]
[BlackElo "2349"]
[WhiteTeam "Iran"]
[BlackTeam "Netherlands"]
[WhiteFideId "12528897"]
[BlackFideId "1004786"]
[EventDate "2024.09.11"]

1. e4 e6 2. d4 d5 3. Nd2 dxe4 4. Nxe4 Nd7 5. Nf3 Ngf6 6. Bd3 c5 7. Nxf6+ Nxf6 8.
dxc5 Bxc5 9. Qe2 O-O 10. Bg5 h6 11. h4 Qa5+ 12. c3 Ng4 13. Nd4 e5 14. b4 Bxb4
15. Kf1 exd4 16. cxb4 Qe5 17. Qc2 Bd7 18. Bd2 Qf6 19. f3 Rac8 20. Qb2 Rfd8 21.
Re1 Ne5 22. Qxd4 Nxd3 23. Qxd3 Be6 24. Qe3 Rc2 25. Bc1 Rxa2 26. h5 Rc8 27. Qf4
Qxf4 28. Bxf4 Rc4 29. Bd6 Rd2 30. Be5 Ra2 31. Bd6 b6 32. Rh2 Rcc2 33. Kg1 Bd5
34. Rf1 Re2 35. g4 Rxh2 36. Bxh2 f6 37. Rf2 Ra3 38. Kg2 Kf7 39. Bd6 Rd3 40. Bb8
a5 41. bxa5 bxa5 42. Bf4 a4 43. Rd2 Bxf3+ 44. Kg3 Rb3 45. Rd7+ Kg8 46. Ra7 Bd1+
47. Kh4 Rd3 48. Ra8+ Kh7 49. Ra7 a3 50. Bc1 Rd4 51. Bxa3 Rxg4+ 52. Kh3 Rg5 53.
Be7 Rxh5+ 54. Kg3 Rg5+ 55. Kh2 Kg8 56. Bd6 Bf3 57. Kh3 Bd5 58. Kh2 Rg2+ 59. Kh3
Rd2 60. Bc5 Rd3+ 61. Kh2 Be4 62. Re7 f5 63. Kg1 h5 64. Kh2 g5 65. Re8+ Kf7 66.
Re7+ Kf6 67. Rh7 h4 68. Be7+ Kg6 69. Rh8 Rd1 0-1

[Event "Olimpiade 2024 - Donne"]
[Site "Budapest"]
[Date "21.09.2024"]
[Round "10.12"]
[Board "2"]
[White "Van Foreest, Machteld"]
[Black "Karimi, Setayesh"]
[Result "1-0"]
[WhiteTitle "FM"]
[BlackTitle "WFM"]
[WhiteElo "2224"]
[BlackElo "2105"]
[WhiteTeam "Netherlands"]
[BlackTeam "Iran"]
[WhiteFideId "1051563"]
[BlackFideId "22555293"]
[EventDate "2024.09.11"]

1. e4 c5 2. Nf3 d6 3. Nc3 Nf6 4. e5 dxe5 5. Nxe5 Nbd7 6. d4 e6 7. Bb5 a6 8.
Bxd7+ Nxd7 9. Qh5 g6 10. Qf3 Qf6 11. Bf4 g5 12. Nxd7 Kxd7 13. Be5 Qxf3 14. gxf3
Rg8 15. Ne4 Kc6 16. dxc5 f5 17. Nd6 b6 18. O-O-O bxc5 19. h4 g4 20. f4 Be7 21.
Rd3 Ra7 22. Rhd1 a5 23. Nc4 Ba6 24. Nxa5+ Kb6 25. Rd7 Rxd7 26. Rxd7 Bxh4 27.
Bc7+ Kb5 28. c4+ Kb4 29. Nc6+ Kxc4 30. b3+ Kb5 31. Rd6 c4 32. a4+ 1-0

[Event "Olimpiade 2024 - Donne"]
[Site "Budapest"]
[Date "21.09.2024"]
[Round "10.12"]
[Board "3"]
[White "Behzad Nazif, Parva"]
[Black "Bensdorp-De Labaca, Marlies"]
[Result "1-0"]
[WhiteTitle "WIM"]
[BlackTitle "WIM"]
[WhiteElo "2092"]
[BlackElo "2241"]
[WhiteTeam "Iran"]
[BlackTeam "Netherlands"]
[WhiteFideId "12563790"]
[BlackFideId "1009311"]
[EventDate "2024.09.11"]

1. d4 d5 2. g3 Nf6 3. Nf3 c5 4. Bg2 cxd4 5. Nxd4 e5 6. Nb3 h6 7. O-O Nc6 8. Nc3
Be6 9. Kh1 d4 10. Ne4 Nxe4 11. Bxe4 f5 12. Bg2 Qd7 13. e3 O-O-O 14. exd4 exd4
15. Qf3 g5 16. c3 g4 17. Qd3 dxc3 18. Qxc3 Bg7 19. Qc2 Bd5 20. Bf4 Bxg2+ 21.
Kxg2 Qd5+ 22. Kg1 Qd3 23. Rac1 Qxc2 24. Rxc2 Rd5 25. Rfc1 Rhd8 26. Rxc6+ bxc6
27. Rxc6+ Kd7 28. Rc7+ Ke6 29. Rxg7 Rd1+ 30. Kg2 Kf6 31. Rxa7 Re8 32. Bd2 Re2
33. Bc3+ Kg6 34. Rg7+ Kh5 35. Nc5 f4 36. gxf4 g3 37. Nd7 Rd6 38. Kxg3 Ree6 39.
Rf7 Rd3+ 40. Kg2 Rg6+ 41. Kf1 Rgd6 42. Ne5 Rd1+ 43. Kg2 Kh4 44. Rf5 Rd8 45. h3
Rg8+ 46. Kh2 Rd3 47. Nf3+ Rxf3 48. Bf6+ Rg5 49. Bxg5+ hxg5 50. Rxg5 Rxf2+ 51.
Rg2 Rf3 52. Rg4+ Kh5 53. Kg2 Rd3 54. Rg5+ Kh4 55. Rb5 Rg3+ 56. Kf2 Rxh3 57. a4
Kg4 58. f5 Kg5 59. a5 Rh4 60. b4 Kf4 61. a6 Rh2+ 62. Kg1 Rh6 63. a7 1-0

[Event "Olimpiade 2024 - Donne"]
[Site "Budapest"]
[Date "21.09.2024"]
[Round "10.12"]
[Board "4"]
[White "Kazarian, Anna-Maja"]
[Black "Hamedi Nia, Vesal"]
[Result "0-1"]
[WhiteTitle "FM"]
[BlackTitle "WIM"]
[WhiteElo "2180"]
[BlackElo "1986"]
[WhiteTeam "Netherlands"]
[BlackTeam "Iran"]
[WhiteFideId "1033689"]
[BlackFideId "12542253"]
[EventDate "2024.09.11"]

1. e4 c5 2. Nf3 Nc6 3. d4 cxd4 4. Nxd4 Nf6 5. Nc3 e5 6. Ndb5 d6 7. Nd5 Nxd5 8.
exd5 Ne7 9. c4 Ng6 10. Qa4 Bd7 11. Qb4 Qb8 12. h4 h5 13. Be3 a6 14. Nc3 a5 15.
Qb3 Be7 16. g3 f5 17. Na4 f4 18. gxf4 Bg4 19. Nb6 exf4 20. Bd3 Ne5 21. Bxf4 Nf3+
22. Kf1 O-O 23. Be3 Bxh4 24. Qc2 Ra7 25. Be4 Bd8 26. Bxf3 Rxf3 27. Qe4 Bxb6 28.
Bxb6 Ra6 29. Bd4 Qf8 30. Re1 Rf4 31. Qe3 Ra8 32. Rh2 Qf5 33. c5 Rf8 34. cxd6
Qxd5 35. Be5 Rxf2+ 36. Qxf2 Rxf2+ 37. Kxf2 Qc5+ 38. Kg3 Qb4 39. Re3 Qc5 40. Re1
Qb4 41. Re3 g5 42. Rc2 Bf5 43. Rc7 Qd2 44. Kf3 Be6 45. Re7 Bd5+ 46. Re4 Qd3+ 47.
Kf2 Bxe4 48. d7 Qf3+ 49. Ke1 Qe3+ 50. Kf1 Bd3+ 51. Kg2 Qe2+ 52. Kh3 Bf5+ 53. Kg3
h4# 0-1

[Event "Olimpiade 2024 - Donne"]
[Site "Budapest"]
[Date "21.09.2024"]
[Round "10.13"]
[Board "1"]
[White "Narva, Mai"]
[Black "Injac, Teodora"]
[Result "1/2-1/2"]
[WhiteTitle "IM"]
[BlackTitle "IM"]
[WhiteElo "2420"]
[BlackElo "2425"]
[WhiteTeam "Estonia"]
[BlackTeam "Serbia"]
[WhiteFideId "4500512"]
[BlackFideId "932400"]
[EventDate "2024.09.11"]

1. e4 c6 2. d4 d5 3. e5 c5 4. dxc5 e6 5. c3 Nd7 6. Nf3 Bxc5 7. Bd3 f6 8. Bf4
fxe5 9. Bxe5 Ngf6 10. O-O Nxe5 11. Nxe5 O-O 12. Nd2 Bd7 13. Qc2 Rc8 14. Ndf3 Bd6
15. Rae1 Qc7 16. Nxd7 Qxd7 17. Ng5 g6 18. Nxe6 Rfe8 19. Nd4 Rxe1 20. Rxe1 Re8
21. Rxe8+ Qxe8 22. g3 Bc5 23. Kg2 Kg7 24. h3 Bb6 25. Qe2 Qxe2 26. Bxe2 Kf7 27.
f4 Ke7 28. Bd3 Nd7 29. Bc2 Nc5 30. g4 Ne6 31. Ne2 Be3 32. Kf3 Bd2 33. h4 Be1 34.
h5 gxh5 35. gxh5 h6 36. Bb3 Kd6 37. Kg4 Bd2 38. Kf5 b5 39. Bc2 a6 40. b4 Be3 41.
a4 bxa4 42. Bxa4 Bd2 43. Bd1 Nc7 44. Ba4 Be3 45. Kg6 Ne6 46. Kf5 Ng7+ 47. Kg4
Bd2 48. Bc2 d4 49. cxd4 Bxb4 50. Bb3 Ke7 51. Ng3 Bc3 52. d5 Bb4 53. Ba4 a5 54.
Bc6 Be1 55. Ne4 Ne8 56. f5 Nf6+ 57. Nxf6 Kxf6 58. d6 Bf2 59. Kf4 Bc5 60. d7 Bb6
61. Ke4 Bd8 62. Ba4 Bc7 63. Bb3 Ke7 64. Ba4 Kf6 65. Bb5 Bd8 66. Bc6 Bc7 67. Bd5
a4 68. Be6 a3 69. Kd3 a2 70. Bxa2 Kxf5 71. Bf7 Kf6 72. Bg6 1/2-1/2

[Event "Olimpiade 2024 - Donne"]
[Site "Budapest"]
[Date "21.09.2024"]
[Round "10.13"]
[Board "2"]
[White "Gajcin, Marina"]
[Black "Olde, Margareth"]
[Result "0-1"]
[WhiteTitle "WGM"]
[BlackTitle "WIM"]
[WhiteElo "2253"]
[BlackElo "2135"]
[WhiteTeam "Serbia"]
[BlackTeam "Estonia"]
[WhiteFideId "949086"]
[BlackFideId "4503082"]
[EventDate "2024.09.11"]

1. e4 e5 2. Nf3 Nc6 3. Bc4 Nf6 4. d3 d5 5. exd5 Nxd5 6. O-O Bg4 7. c3 Qd6 8. Bb5
Ne7 9. Nbd2 O-O-O 10. Qa4 Bxf3 11. Nxf3 f6 12. Be3 a6 13. Bc4 Nd5 14. Rad1 Nce7
15. Qc2 Nxe3 16. fxe3 Nd5 17. Bxd5 Qxd5 18. d4 exd4 19. exd4 Qxa2 20. c4 Qa5 21.
Kh1 Bb4 22. Ra1 Qb6 23. Qe4 Kb8 24. Rfc1 a5 25. d5 Rde8 26. Qc2 Qc5 27. Rd1 Qe3
28. Nd4 Re4 29. Nf5 Qe2 30. Qxe2 Rxe2 31. c5 Bxc5 32. Nxg7 Rg8 33. Ne6 Bd6 34.
Rxa5 Rexg2 0-1

[Event "Olimpiade 2024 - Donne"]
[Site "Budapest"]
[Date "21.09.2024"]
[Round "10.13"]
[Board "3"]
[White "Blokhin, Sofia"]
[Black "Velikic, Adela"]
[Result "0-1"]
[WhiteTitle "WFM"]
[BlackTitle "WIM"]
[WhiteElo "2036"]
[BlackElo "2260"]
[WhiteTeam "Estonia"]
[BlackTeam "Serbia"]
[WhiteFideId "4508190"]
[BlackFideId "913553"]
[EventDate "2024.09.11"]

1. d4 d5 2. c4 e6 3. Nf3 Nf6 4. Nc3 Bb4 5. e3 O-O 6. Bd3 dxc4 7. Bxc4 c5 8. O-O
cxd4 9. exd4 b6 10. Bf4 Bb7 11. Bd3 Nc6 12. a3 Bxc3 13. bxc3 Ne7 14. Bg5 Rc8 15.
Rc1 Ng6 16. h4 Qd6 17. Bb1 Ng4 18. Re1 h6 19. h5 Bxf3 20. Qxf3 Qh2+ 21. Kf1 Qxh5
22. Bf4 Nxf4 23. Qxf4 Nf6 24. f3 Qa5 25. Qe3 Rfd8 26. c4 Rc7 27. Qd3 Rcd7 28.
Red1 Qh5 29. Qe3 Qh1+ 30. Kf2 Qh4+ 31. g3 Qh2+ 32. Kf1 Qxg3 33. Rc2 Qh4 34. Rcd2
Kf8 35. a4 Qg5 36. Qxg5 hxg5 37. Ke2 g4 38. f4 g6 39. Ke3 Kg7 40. Rh1 Rc7 41.
Bd3 Nh5 42. a5 bxa5 43. Ra1 Nf6 44. Rxa5 Rh8 45. Bf1 Rh1 46. Bg2 Re1+ 47. Kf2
Rc1 48. c5 Nh5 49. Ba8 Rc3 50. Rda2 Nxf4 51. Rxa7 g3+ 52. Ke1 Rxa7 53. Rxa7 Rc4
54. Ra3 g2 55. Rg3 Rc1+ 56. Kf2 g1=Q+ 57. Rxg1 Nh3+ 0-1

[Event "Olimpiade 2024 - Donne"]
[Site "Budapest"]
[Date "21.09.2024"]
[Round "10.13"]
[Board "4"]
[White "Mandura, Tijana"]
[Black "Narva, Triin"]
[Result "1-0"]
[WhiteTitle "WGM"]
[BlackTitle "WFM"]
[WhiteElo "2207"]
[BlackElo "2066"]
[WhiteTeam "Serbia"]
[BlackTeam "Estonia"]
[WhiteFideId "16500270"]
[BlackFideId "4502680"]
[EventDate "2024.09.11"]

1. e4 c5 2. Nf3 d6 3. d4 cxd4 4. Qxd4 Nc6 5. Bb5 a6 6. Bxc6+ bxc6 7. O-O e5 8.
Qa4 Qc7 9. c4 Rb8 10. Nc3 Nf6 11. c5 Nd7 12. cxd6 Bxd6 13. Qc2 Nc5 14. Be3 Ne6
15. Rac1 Bb7 16. Na4 Ba8 17. Rfd1 Be7 18. Rd2 Bb4 19. Re2 O-O 20. Qc4 Be7 21.
Nc5 Nxc5 22. Bxc5 Bxc5 23. Qxc5 Rb5 24. Qc3 Rfb8 25. Rd1 c5 26. Nxe5 Bc6 27. f3
Be8 28. Red2 Qb6 29. Nc4 Qe6 30. b3 f6 31. Nd6 R5b6 32. Qxc5 Rc6 33. Qa7 Rcb6
34. Qc7 h5 35. Nxe8 Qxe8 36. Rd8 Rxd8 37. Rxd8 Re6 38. Rxe8+ Rxe8 39. Qc4+ 1-0

[Event "Olimpiade 2024 - Donne"]
[Site "Budapest"]
[Date "21.09.2024"]
[Round "10.14"]
[Board "1"]
[White "Martynkova, Olena"]
[Black "Kosteniuk, Alexandra"]
[Result "0-1"]
[WhiteTitle "WIM"]
[BlackTitle "GM"]
[WhiteElo "2176"]
[BlackElo "2483"]
[WhiteTeam "Lithuania"]
[BlackTeam "Switzerland"]
[WhiteFideId "14134039"]
[BlackFideId "4128125"]
[EventDate "2024.09.11"]

1. d4 Nf6 2. c4 e6 3. g3 Bb4+ 4. Bd2 a5 5. Bg2 d5 6. Qc2 O-O 7. Nf3 Be7 8. O-O
c6 9. Bg5 Nbd7 10. Nbd2 h6 11. Bxf6 Nxf6 12. e4 b6 13. cxd5 cxd5 14. e5 Nd7 15.
Rfc1 Nb8 16. Bf1 Na6 17. Bb5 Ra7 18. a3 Nc7 19. Bd3 Bd7 20. Qd1 Qb8 21. h4 Rc8
22. Nf1 Ne8 23. Rxc8 Qxc8 24. Rc1 Rc7 25. Rxc7 Qxc7 26. Ne3 h5 27. Ng2 g6 28.
Nf4 Ng7 29. Qc2 Qxc2 30. Bxc2 Bb5 31. Ng5 Bc4 32. Nf3 Ne8 33. Nd2 Bb5 34. Kg2
Nc7 35. Kf3 Kg7 36. Ke3 Be8 37. Nf3 b5 38. Nd3 Na8 39. Nc5 Nb6 40. b3 a4 41.
bxa4 Nc4+ 42. Kd3 bxa4 43. Kc3 Bxc5 44. dxc5 Nxa3 45. Bd3 f6 46. Kb4 Nc4 47.
Bxc4 dxc4 48. Kxc4 Bc6 49. exf6+ Kxf6 50. Nd4 Be8 51. Kb4 Ke5 52. Nf3+ Kd5 53.
Ng5 e5 54. Nh7 Kd4 55. Nf6 Bc6 56. Ng8 Be4 57. Ne7 a3 58. Kxa3 Kxc5 59. Kb2 Kd6
60. f3 Bxf3 61. Nxg6 Be4 62. Nh8 Ke7 63. Kc3 Kf6 0-1